| 000 | 00572nam a2200157Ia 4500 | ||
|---|---|---|---|
| 008 | 140609s9999 xx 000 0 und d | ||
| 020 | _a9780760958834 | ||
| 050 |
_aLB 1029.06 _b.B854 2010 |
||
| 245 |
_aBrigance early childhood developmental inventory : _bVolume 1 / _c[Compiled from the BRIGANCE Inventory of Early Development II by Albert H. Brigance] |
||
| 260 |
_aNorth Billerica, MA : _bCurriculum Associates, _cc2010. |
||
| 300 |
_a159 p. : _bcol. ill. ; _c26x30 cm. |
||
| 521 | _aGE | ||
| 650 |
_aLiteracy _xAbility testing. |
||
| 942 |
_kFOR _cBK |
||
| 999 |
_c118065 _d118065 |
||